Podnik a podnikanie v podmienkach informačnej spoločnosti

Proces globalizácie a jeho vplyv na podnik. Zmena podnikovej paradigmy. Podnik v informačnej spoločnosti. Informačná spoločnosť a jej základná charakteristika. Podnikanie v podmienkach informačnej spoločnosti. Možnosti adaptácie podnikov na zmeny. Kľúčová úloha informácií v podniku. Možnosti využiti...

Ausführliche Beschreibung

Gespeichert in:
Bibliographische Detailangaben
1. Verfasser: Čarnický, Štefan
Format: Buchkapitel
Sprache:Slowakisch
Schlagworte:
Tags: Tag hinzufügen
Keine Tags, Fügen Sie das erste Tag hinzu!

MARC

LEADER 00000naa$a2200000$$$4500
001 0038641
005 20240502071501.1
041 0 |a slo 
044 |a SK 
245 1 0 |a Podnik a podnikanie v podmienkach informačnej spoločnosti  |c Štefan Čarnický 
520 |a Proces globalizácie a jeho vplyv na podnik. Zmena podnikovej paradigmy. Podnik v informačnej spoločnosti. Informačná spoločnosť a jej základná charakteristika. Podnikanie v podmienkach informačnej spoločnosti. Možnosti adaptácie podnikov na zmeny. Kľúčová úloha informácií v podniku. Možnosti využitia informácií v dnešnom podniku. Hlavné zmeny využívania informácií v podniku. Zdroje informácií pre podnikové rozhodovanie. 
610 2 0 |a podnik 
610 2 0 |a rozhodovanie podnikové 
610 2 0 |a stratégia podniková 
610 2 0 |a technológie informačné 
610 2 0 |a technológie komunikačné 
610 2 0 |a spoločnosť informačná 
610 2 0 |a podnikanie 
100 1 |a Čarnický, Štefan